| 000 | 01994cam a22004814i 4500 | ||
|---|---|---|---|
| 003 | PE-LiUPU | ||
| 005 | 20250731173020.0 | ||
| 008 | 150623s1998 txu rb 000 0 eng d | ||
| 020 | _a0941037681 | ||
| 035 | _a(Sirsi) i9780941037686 | ||
| 040 |
_aPE-LiUPU _bspa _cPE-LiUPU _erda |
||
| 049 | _aPRUA | ||
| 082 | 0 | 4 |
_a296.155 _bD37 _221 |
| 111 | 2 |
_aDead Sea Scrolls Jubilee Symposium. _d1997 _cNapa, California |
|
| 245 | 1 | 0 | _aCaves of enlightenment. |
| 264 | 1 |
_aNorth Richland Hills, TX : _bBIBAL Press, _c1998. |
|
| 300 |
_a137 páginas ; _c22 centímetros |
||
| 336 |
_atext _2rdacontent |
||
| 337 |
_aunmediated _2rdamedia |
||
| 338 |
_avolume _2rdacarrier |
||
| 500 | _aCelebrado el 20 de noviembre de 1997 en Napa, California. | ||
| 504 | _aIncluye bibliografía. | ||
| 505 | 0 | _aThe Judaean desert scrolls and the history of the text of the Hebrew Bible -- Was Qumran, indeed, a monastery? the consensus and its challengers, an archaeologist view -- How archaeology affects the study of texts: reflections on the category "rewritten Bible" at Qumran -- Dualism at Qumran: New Perspectives -- John the baptizer, Jesus, and the essenes -- Paul and the dead sea scrolls. | |
| 526 | _aSEG42 | ||
| 526 | _aSEG41 | ||
| 526 | _aSEG40 | ||
| 526 | _aSEG39 | ||
| 526 | _aP94 | ||
| 526 | _aP87 | ||
| 526 | _aP86 | ||
| 526 | _aP85 | ||
| 526 | _aP77 | ||
| 526 | _aP76 | ||
| 526 | _aP35 | ||
| 611 |
_aDead Sea Scrolls Jubilee Symposium. _d1997 _cNapa, California. |
||
| 650 | 0 | 4 |
_aManuscritos del mar muerto _vCongresos. |
| 942 |
_2ddc _cBOOK |
||
| 949 |
_a296.155 D37 _wDEWEY _c1 _i47433 _lCCODEBUL1 _mBUL _r0 _sY _tBOOK _u2015-6-24 _xTEOLOGIA _PP35 _0COMPRA _o.STAFF. Colección Teología |
||
| 994 |
_aC0 _bPEPRU |
||
| 596 | _a1 | ||
| 999 |
_a296.155 D37 _wDEWEY _c23991 _i47433 _f2021-11-11 _g5 _lCCODEBUL1 _mBUL _p12.00 _r0 _sY _tBOOK _u2015-6-24 _xTEOLOGIA _PP35 _0COMPRA _o.STAFF. Colección Teología _d23991 |
||
| 980 |
_81 _gALBERTO SANCHEZ Responsable de Automatización |
||